BIBLIOTECA

SENCICO

Cusco ciudad histórica: continuidad y cambio (Registro nro. 2115)

Detalles MARC
000 -LEADER
fixed length control field 00674nam a2200181Ia 4500
005 - DATE AND TIME OF LATEST TRANSACTION
control field 20251020182532.0
008 - FIXED-LENGTH DATA ELEMENTS--GENERAL INFORMATION
fixed length control field 200515s9999 xx 000 0 und d
082 ## - DEWEY DECIMAL CLASSIFICATION NUMBER
Classification number 711.728(85)/A97
100 ## - MAIN ENTRY--PERSONAL NAME
Personal name AZEVEDO, Paulo O. D.
245 #0 - TITLE STATEMENT
Title Cusco ciudad histórica: continuidad y cambio
260 ## - PUBLICATION, DISTRIBUTION, ETC.
Place of publication, distribution, etc. Cusco
260 ## - PUBLICATION, DISTRIBUTION, ETC.
Date of publication, distribution, etc. 1982
500 ## - GENERAL NOTE
General note 1 ejemplar
520 ## - SUMMARY, ETC.
Summary, etc. Enfoque novedoso sobre la evolución de la ciudad del Cusco. El autor observa que el cambio se produjo, hasta ahora, de manera desorganizada, no progresiva y abrupta, disturbando la ecología física, humana y natural del Cusco. Y a partir de aquí plantea su
650 ## - SUBJECT ADDED ENTRY--TOPICAL TERM
Topical term or geographic name entry element CUSCO
650 ## - SUBJECT ADDED ENTRY--TOPICAL TERM
Topical term or geographic name entry element LIB
942 ## - ADDED ENTRY ELEMENTS (KOHA)
Koha item type Libros
Existencias
Fecha de la última vez que lo usaron Pago total Signatura topográfica completa Código de barras Precio efectivo desde Tipo de documento Estado perdido Estado dañado No es para préstamo Retirado Ubicación permanente Ubicación actual Fecha de adquisición
15/05/2020   711.728(85)/A97 Bib-Lima15052115 15/05/2020 Libros         Biblioteca Central Lima Biblioteca Central Lima 15/05/2020